[Event "DRAGHIEN  I"]
[Site "SchemingMind.com"]
[Date "2016.04.24"]
[Round "-"]
[White "Scooter"]
[Black "Simon Green"]
[Result "1-0"]
[WhiteCountry "USA"]
[BlackCountry "ENG"]
[WhiteElo "1731"]
[WhiteRD "47"]
[BlackElo "1621"]
[BlackRD "55"]
[GameID "398486"]

1. d4 e6 2. Nf3 d5 3. Bg5 Be7 4. Bxe7 Qxe7 5. c3 Nc6 6. e3 Nf6 7. Bb5 Bd7 8. O-O O-O 9. Nbd2 a6 10. Bxc6 Bxc6
11. Re1 Nd7 12. c4 f5 13. cxd5 Bxd5 14. a3 c5 15. dxc5 Qxc5 16. Rc1 Qd6 17. Nc4 Qe7 18. Nce5 Nxe5 19. Nxe5 Rfd8 20. Qa4 b5
21. Qa5 Qg5 22. f3 f4 23. exf4 Qxf4 24. Qc7 Qf8 25. Nc6 Bxc6 26. Qxc6 Rd6 27. Qe4 Qf5 28. Qxa8+ Kf7 29. Rc7+ Kg6 30. Qe8+ Kh6
31. Qe7 Qf6 32. Qxd6
1-0

[Event "DRAGHIEN  I"]
[Site "SchemingMind.com"]
[Date "2016.04.24"]
[Round "-"]
[White "Simon Green"]
[Black "Scooter"]
[Result "0-1"]
[WhiteCountry "ENG"]
[BlackCountry "USA"]
[WhiteElo "1617"]
[WhiteRD "56"]
[BlackElo "1710"]
[BlackRD "48"]
[GameID "398487"]

1. d4 Nf6 2. e3 g6 3. Bd3 Bg7 4. f4 O-O 5. Nf3 b6 6. O-O Bb7 7. Nbd2 d6 8. Qe1 Nbd7 9. c3 Re8 10. b3 Nd5
11. Bb2 e5 12. fxe5 dxe5 13. Nxe5 Nxe5 14. dxe5 Bxe5 15. Bc4 Nxe3 16. Qf2 Bxh2+ 17. Kxh2 Ng4+
0-1

[Event "DRAGHIEN  I"]
[Site "SchemingMind.com"]
[Date "2016.04.26"]
[Round "-"]
[White "emvarela"]
[Black "Scooter"]
[Result "1/2-1/2"]
[WhiteCountry "ARG"]
[BlackCountry "USA"]
[WhiteElo "1693"]
[WhiteRD "50"]
[BlackElo "1738"]
[BlackRD "54"]
[GameID "398524"]

1. e4 c6 2. d4 d5 3. exd5 cxd5 4. c4 Nf6 5. Nc3 Bf5 6. cxd5 Nxd5 7. Bd3 Bxd3 8. Qxd3 a6 9. Nf3 Nc6 10. O-O Ncb4
11. Qd2 e6 12. Nxd5 Nxd5 13. a3 Bd6 14. Ne5 O-O 15. f4 f6 16. Nc4 Bxf4 17. Rxf4 Nxf4 18. Qxf4 e5 19. dxe5 fxe5 20. Qd2 Qc7
21. Qd5+ Kh8 22. Be3 Rad8 23. Qe4 b5 24. Nd2 Qd6 25. Rc1 Qd5 26. Qxd5 Rxd5 27. Nf3 e4 28. Nd2 Rd3 29. Re1 Rfd8 30. Nxe4 Re8
31. Bf2 Rb3 32. Bd4 a5 33. Bc3 b4 34. axb4 axb4 35. Bd4 Rd3 36. Bf2 Rb3 37. Nc5 Rxe1+ 38. Bxe1 Rxb2 39. Nd3 Rb1 40. Kf2 b3
41. Ke2 b2 42. Nxb2 Rxb2+ 43. Kf3 Rb1 44. Bf2 Rb4 45. g4 g5 46. h4 Rf4+ 47. Kg3 Rb4 48. hxg5 Kg7 49. Kh4 Kg6 50. Bc5 Re4
51. Bf8 Kf7 52. Bh6 Ke6 53. Kh5 Re2 54. g6 Kf6 55. Bg5+ Kg7 56. gxh7 Kxh7 57. Bh4 Re5+ 58. Bg5 Kg7 59. Kh4 Kg6 60. Bd2 Re4
61. Bg5=
1/2-1/2

[Event "DRAGHIEN  I"]
[Site "SchemingMind.com"]
[Date "2016.04.26"]
[Round "-"]
[White "Scooter"]
[Black "emvarela"]
[Result "1-0"]
[WhiteCountry "USA"]
[BlackCountry "ARG"]
[WhiteElo "1745"]
[WhiteRD "53"]
[BlackElo "1695"]
[BlackRD "48"]
[GameID "398525"]

1. d4 d5 2. Nf3 Nf6 3. Bf4 e6 4. e3 Bd6 5. Bxd6 Qxd6 6. c3 Nc6 7. Bb5 a6 8. Bxc6+ bxc6 9. O-O h6 10. Nbd2 O-O
11. c4 c5 12. cxd5 Nxd5 13. Ne4 Qe7 14. Nxc5 Bd7 15. Nxd7 Qxd7 16. a3 f6 17. Rc1 Rfc8 18. Rc5 Rab8 19. b4 Rb5 20. Qc2 Rxc5
21. bxc5 Rb8 22. Rb1 Rxb1+ 23. Qxb1 Qb5 24. Nd2 Nc3 25. Qxb5 axb5 26. Kf1 Kf7 27. Ke1 Ke7 28. f3 c6 29. e4 e5 30. dxe5 fxe5
31. h4 g5 32. hxg5 hxg5 33. Kf2 Kf6 34. Ke3 Nd1+ 35. Kd3 g4 36. Ke2 Nc3+ 37. Kd3 Na4 38. Nb3 gxf3 39. gxf3 Kg5 40. Ke3 Nc3
41. Na5 Nb1 42. Nxc6 Nxa3 43. Nxe5 b4 44. Nd3 Nc4+ 45. Kd4
1-0

[Event "DRAGHIEN  I"]
[Site "SchemingMind.com"]
[Date "2016.04.26"]
[Round "-"]
[White "emvarela"]
[Black "Simon Green"]
[Result "1-0"]
[WhiteCountry "ARG"]
[BlackCountry "ENG"]
[WhiteElo "1712"]
[WhiteRD "48"]
[BlackElo "1615"]
[BlackRD "58"]
[GameID "398526"]

1. e4 e6 2. d4 d5 3. exd5 exd5 4. Nf3 Nf6 5. c4 Bb4+ 6. Nc3 O-O 7. Bd2 Be6 8. a3 Bxc3 9. Bxc3 c6 10. cxd5 Bxd5
11. Be2 Nbd7 12. O-O b5 13. Ne5 Nxe5 14. dxe5 Nd7 15. Bf3 Bxf3 16. Qxf3 Rc8 17. Rad1 Qe7 18. Rfe1 Rfe8 19. Qg3 f6 20. exf6 Qf7
21. fxg7 Nf6 22. Rxe8+ Nxe8 23. Qg4 Rc7 24. Rd3 h6 25. Rf3 Qe7 26. Re3 Qf7 27. Qe6 Qxe6 28. Rxe6 Nxg7 29. Rxh6 Rd7 30. g3 Rd5
31. Rxc6 Nf5 32. Rc8+ Kf7 33. Rc7+ Kg6 34. Rxa7 Kg5 35. h4+ Kg4 36. Kg2 Nd4 37. Rg7+ Kh5 38. Bxd4 Rxd4 39. Rg5+
1-0

[Event "DRAGHIEN  I"]
[Site "SchemingMind.com"]
[Date "2016.04.26"]
[Round "-"]
[White "Simon Green"]
[Black "emvarela"]
[Result "0-1"]
[WhiteCountry "ENG"]
[BlackCountry "ARG"]
[WhiteElo "1600"]
[WhiteRD "58"]
[BlackElo "1693"]
[BlackRD "50"]
[GameID "398527"]

1. d4 Nf6 2. e3 g6 3. Bd3 Bg7 4. f4 d6 5. Nf3 O-O 6. O-O Bg4 7. Nbd2 Nbd7 8. Qe1 Bxf3 9. Nxf3 e6 10. Bd2 c5
11. c3 cxd4 12. cxd4 Rc8 13. Rc1 Qe7 14. Rxc8 Rxc8 15. Bc3 Nb6 16. Qg3 Nbd5 17. Bd2 a6 18. Rc1 Rxc1+ 19. Bxc1 Nb4 20. Bc4 d5
21. Bb3 Nd3 22. Bd2 Ne4 23. Qh4 Qxh4 24. Nxh4 Nxd2 25. Nf3 Nxf3+ 26. gxf3 Nxb2 27. Kf2 Nd3+ 28. Ke2 Nc1+ 29. Kd2 Nxb3+ 30. axb3 Bf8
31. e4 f6 32. e5 fxe5 33. fxe5 b5 34. Kd3 Bh6 35. h3 a5 36. Kc3 a4 37. bxa4 bxa4 38. Kb4 Be3
0-1

[Event "DRAGHIEN  I"]
[Site "SchemingMind.com"]
[Date "2016.05.15"]
[Round "-"]
[White "tyler_ensor"]
[Black "emvarela"]
[Result "0-1"]
[WhiteCountry "CAN"]
[BlackCountry "ARG"]
[WhiteElo "1852"]
[WhiteRD "77"]
[BlackElo "1728"]
[BlackRD "49"]
[GameID "399249"]

1. d4 Nf6 2. c4 g6 3. Nc3 Bg7 4. e4 d6 5. f3 O-O 6. Be3 e5 7. d5 Nbd7 8. Qd2 a6 9. Bd3 c5 10. Nge2 Nb6
11. g4 Bd7 12. h4 Ne8 13. Ng3 Rb8 14. h5 Qf6 15. Qg2 g5 16. Nf5 Bxf5 17. exf5 h6 18. Ne4 Qe7 19. f6 Bxf6 20. Ng3 Ng7
21. O-O Qd7 22. Ne4 Be7 23. Rac1 f5 24. gxf5 Nxf5 25. Bf2 Qe8 26. a3 Qxh5 27. Ng3 Nxg3 28. Bxg3 Rf7 29. Qc2 Rxf3 30. Bh7+ Kh8
31. Rxf3 Qxf3 32. Kh2 Rf8 33. Qg6 Qe2+ 34. Kh1 Qf3+ 35. Kh2 Qf6 36. Qd3 Qf3 37. Qg6 Qe2+ 38. Kg1 Qe3+ 39. Kh2 Qxc1
0-1

[Event "DRAGHIEN  I"]
[Site "SchemingMind.com"]
[Date "2016.05.15"]
[Round "-"]
[White "emvarela"]
[Black "tyler_ensor"]
[Result "1-0"]
[WhiteCountry "ARG"]
[BlackCountry "CAN"]
[WhiteElo "1728"]
[WhiteRD "49"]
[BlackElo "1852"]
[BlackRD "77"]
[GameID "399250"]

1. e4 c5 2. Nf3 d6 3. d4 cxd4 4. Nxd4 Nf6 5. Nc3 a6 6. h3 e6 7. Bg5 Be7 8. Qd2 Bd7 9. f4 Nc6 10. Nb3 b5
11. Bxf6 gxf6 12. O-O-O Rc8 13. g4 b4 14. Nb1 a5 15. Bb5 Qb6 16. Bxc6 Bxc6 17. Rhe1 d5 18. exd5 Bxd5 19. Qd4 Qc7 20. Rd2 O-O
21. f5 Bxb3 22. axb3 e5 23. Qd7 Qc5 24. Qd5 Rfd8 25. Qxc5 Bxc5 26. Rxd8+ Rxd8 27. Nd2 Kg7 28. Ne4 Be7 29. Rd1 Rxd1+ 30. Kxd1 h5
31. c3 hxg4 32. hxg4 Kf8 33. c4 Ke8 34. Kd2 Kd7 35. Kd3 Kc6 36. Nd2 Bd8 37. Ke4 Bb6 38. Nf3 Bf2 39. g5 Bd4 40. Nxd4+ exd4
41. g6
1-0

[Event "DRAGHIEN  I"]
[Site "SchemingMind.com"]
[Date "2016.05.14"]
[Round "-"]
[White "tyler_ensor"]
[Black "Scooter"]
[Result "1-0"]
[WhiteCountry "CAN"]
[BlackCountry "USA"]
[WhiteElo "1888"]
[WhiteRD "78"]
[BlackElo "1761"]
[BlackRD "49"]
[GameID "399251"]

1. d4 Nf6 2. c4 g6 3. Nc3 Bg7 4. e4 d6 5. f3 O-O 6. Be3 Nc6 7. Nge2 e5 8. d5 Ne7 9. Qd2 b6 10. g4 Ba6
11. Ng3 Bb7 12. h4 c6 13. Bd3 cxd5 14. exd5 Rc8 15. h5 Ba6 16. b3 Qd7 17. hxg6 fxg6 18. Bh6 Bxh6 19. Qxh6 Nexd5 20. Nxd5 Nxd5
21. Bxg6 hxg6 22. Qh8+ Kf7 23. Rh7+ Ke8 24. Qxf8+ Kxf8 25. Rxd7 Rc7 26. Rxd6 Ne3 27. Kf2 Nc2 28. Rh1 Kg7 29. g5 Rf7 30. Rh6 Bb7
31. Rdxg6+ Kf8 32. Rf6 Rxf6 33. Rxf6+
1-0

[Event "DRAGHIEN  I"]
[Site "SchemingMind.com"]
[Date "2016.05.14"]
[Round "-"]
[White "Scooter"]
[Black "tyler_ensor"]
[Result "1-0"]
[WhiteCountry "USA"]
[BlackCountry "CAN"]
[WhiteElo "1761"]
[WhiteRD "49"]
[BlackElo "1888"]
[BlackRD "78"]
[GameID "399252"]

1. d4 Nf6 2. Nf3 e6 3. Bg5 c5 4. e3 Be7 5. c3 b6 6. Be2 Bb7 7. O-O O-O 8. Nbd2 d5 9. Bxf6 Bxf6 10. Qc2 Nd7
11. e4 dxe4 12. Nxe4 cxd4 13. Nxd4 Bxd4 14. cxd4 Nf6 15. Bf3 Nd5 16. a3 Qe7 17. Qd2 Rac8 18. Rac1 Ba6 19. Rxc8 Rxc8 20. Rc1 Qd7
21. Rxc8+ Qxc8 22. Nc3 Nxc3 23. Qxc3 Qd7 24. Bc6 Qd6 25. b4 Bd3 26. b5 Bg6 27. Bf3 Qd7 28. Bc6 Qc7 29. f3 Bb1 30. Qb2 Bd3
31. a4 Qf4 32. h3 Qe3+ 33. Kh2 g5 34. d5 exd5 35. Bxd5 Qf4+ 36. Kh1 h5 37. Qc3 Bf5 38. Qf6 Qc1+ 39. Kh2 Bg6 40. Qxg6+
1-0

[Event "DRAGHIEN  I"]
[Site "SchemingMind.com"]
[Date "2016.05.14"]
[Round "-"]
[White "tyler_ensor"]
[Black "Simon Green"]
[Result "1-0"]
[WhiteCountry "CAN"]
[BlackCountry "ENG"]
[WhiteElo "1921"]
[WhiteRD "76"]
[BlackElo "1600"]
[BlackRD "58"]
[GameID "399253"]

1. d4 e6 2. c4 d5 3. Nc3 Nf6 4. Bg5 Be7 5. e3 Nbd7 6. Nf3 c6 7. Rc1 O-O 8. Bd3 Ne8 9. Bf4 Bd6 10. Bg3 Bxg3
11. hxg3 f5 12. Ne5 Nxe5 13. dxe5 Bd7 14. cxd5 cxd5 15. Qh5 h6 16. g4 Qg5 17. Qxg5 hxg5 18. gxf5 exf5 19. Nxd5 Be6 20. Ne7+ Kf7
21. Nxf5 Bxf5 22. Bxf5 Ke7 23. Ke2 Rxf5 24. Rc5 Ke6 25. Rhc1 Rd8 26. Rb5 b6 27. Rc6+ Ke7 28. g3 Kd7 29. Rg6 Kc7 30. e4 Kb7
31. exf5 Rd7 32. e6 Rd6 33. Re5 Kc7 34. Rxg5 Kd8 35. Rg4 Ke7 36. Ree4 Nf6 37. Rxg7+ Kf8 38. Rf7+
1-0

[Event "DRAGHIEN  I"]
[Site "SchemingMind.com"]
[Date "2016.05.14"]
[Round "-"]
[White "Simon Green"]
[Black "tyler_ensor"]
[Result "0-1"]
[WhiteCountry "ENG"]
[BlackCountry "CAN"]
[WhiteElo "1600"]
[WhiteRD "58"]
[BlackElo "1921"]
[BlackRD "76"]
[GameID "399254"]

1. d4 Nf6 2. e3 e6 3. Bd3 d5 4. f4 c5 5. c3 Nc6 6. Nf3 Be7 7. O-O O-O 8. Nbd2 b6 9. Qe1 Bb7 10. Ne5 Nd7
11. Ndf3 f6 12. Ng4 Re8 13. Qg3 Rf8 14. f5 e5 15. dxe5 fxe5 16. Nfxe5 Ncxe5 17. Nxe5 Bd6 18. f6 Rxf6 19. Bxh7+ Kxh7 20. Qh4+ Rh6
21. Qxd8 Rxd8 22. Nf7 Bxh2+ 23. Kf2 Rf6+ 24. Ke2 Rf8 25. Rxf6 Nxf6 26. Ng5+ Kg8 27. Bd2 Nh5 28. Nf3 Bd6 29. Kd3 Ba6+ 30. Kc2 Ng3
31. Re1 Ne4 32. a3 Bc8 33. Bc1 Bf5 34. Kb3 c4+ 35. Ka4 Bd7#
0-1

[Event "DRAGHIEN  I"]
[Site "SchemingMind.com"]
[Date "2016.05.28"]
[Round "-"]
[White "tyler_ensor"]
[Black "Phillip Beckett"]
[Result "1-0"]
[WhiteCountry "CAN"]
[BlackCountry "ENG"]
[WhiteElo "1888"]
[WhiteRD "78"]
[BlackElo "1549"]
[BlackRD "52"]
[GameID "399700"]

1. d4 d5 2. c4 e6 3. Nc3 Nf6 4. Bg5 Be7 5. e3 h6 6. Bh4 O-O 7. Nf3 Ne4 8. Bxe7 Qxe7 9. Rc1 Nxc3 10. Rxc3 c6
11. Bd3 dxc4 12. Bxc4 Nd7 13. O-O e5 14. Bb3 exd4 15. exd4 Nf6 16. Re1 Qd6 17. Ne5 Bf5 18. Nxf7 Rxf7 19. Bxf7+ Kxf7 20. Qb3+ Kg6
21. Qxb7 Rd8 22. Rg3+ Kh7 23. Qxg7#
1-0

[Event "DRAGHIEN  I"]
[Site "SchemingMind.com"]
[Date "2016.05.27"]
[Round "-"]
[White "Phillip Beckett"]
[Black "tyler_ensor"]
[Result "0-1"]
[WhiteCountry "ENG"]
[BlackCountry "CAN"]
[WhiteElo "1549"]
[WhiteRD "52"]
[BlackElo "1888"]
[BlackRD "78"]
[GameID "399701"]

1. e4 c5 2. Nf3 d6 3. d4 cxd4 4. Nxd4 Nf6 5. Nc3 a6 6. Bg5 e6 7. f4 Qc7 8. Qf3 b5 9. O-O-O b4 10. Na4 Nbd7
11. e5 Bb7 12. Qh3 Ne4 13. Bd3 Nf2 14. Qe3 Nxh1 15. Rxh1 dxe5 16. fxe5 Qxe5 17. Qxe5 Nxe5 18. Re1 Nxd3+ 19. cxd3 Bxg2
0-1

[Event "DRAGHIEN  I"]
[Site "SchemingMind.com"]
[Date "2016.06.01"]
[Round "-"]
[White "emvarela"]
[Black "Phillip Beckett"]
[Result "1/2-1/2"]
[WhiteCountry "ARG"]
[BlackCountry "ENG"]
[WhiteElo "1712"]
[WhiteRD "48"]
[BlackElo "1562"]
[BlackRD "52"]
[GameID "399702"]

1. e4 e5 2. Nf3 Nc6 3. Bb5 a6 4. Bxc6 dxc6 5. O-O Qd6 6. d3 Bg4 7. h3 Bh5 8. Be3 f6 9. g4 Bf7 10. Nbd2 h5
11. Kg2 hxg4 12. hxg4 Nh6 13. Bxh6 Rxh6 14. Rh1 Rxh1 15. Qxh1 O-O-O 16. a3 Be7 17. Kg3 Bg6 18. Qg2 Rh8 19. Rh1 Qd8 20. Rxh8 Qxh8
21. Nh4 Bf7 22. Nf5 Bf8 23. Qh3 Qxh3+ 24. Kxh3 g6 25. Ne3 Bh6 26. Ndf1 Kd7 27. c4 b5 28. b3 Bf4 29. b4 Bxe3 30. Nxe3 Kd6
31. c5+ Kd7 32. g5 fxg5 33. Kg4 Ba2 34. Nd1 Bb3 35. Nb2 Ke6 36. Kxg5 Kf7 37. f4 exf4 38. Kxf4 Kf6 39. d4 g5+ 40. Kg4 Bc2
41. Kf3 g4+ 42. Kxg4 Bxe4 43. Nd1 Ke6 44. Nc3 Bd5 45. Kg5 Bg2 46. Kf4 Bd5= 47. Ne4 Bc4 48. Nc3 Bd5 49. Kg5 Bg2=
1/2-1/2

[Event "DRAGHIEN  I"]
[Site "SchemingMind.com"]
[Date "2016.06.01"]
[Round "-"]
[White "Phillip Beckett"]
[Black "emvarela"]
[Result "1-0"]
[WhiteCountry "ENG"]
[BlackCountry "ARG"]
[WhiteElo "1549"]
[WhiteRD "51"]
[BlackElo "1693"]
[BlackRD "50"]
[GameID "399703"]

1. e4 e5 2. Nf3 Nc6 3. Nc3 Nf6 4. Bb5 Bc5 5. d3 d6 6. Bg5 Bd7 7. Nd5 a6 8. Ba4 b5 9. Bb3 Nd4 10. Nxd4 Bxd4
11. c3 Bxf2+ 12. Kxf2 Ng4+ 13. Kg1 Qxg5 14. h3
1-0

[Event "DRAGHIEN  I"]
[Site "SchemingMind.com"]
[Date "2016.05.27"]
[Round "-"]
[White "Phillip Beckett"]
[Black "Scooter"]
[Result "0-1"]
[WhiteCountry "ENG"]
[BlackCountry "USA"]
[WhiteElo "1549"]
[WhiteRD "52"]
[BlackElo "1761"]
[BlackRD "49"]
[GameID "399704"]

1. e4 c6 2. d4 d5 3. Nc3 dxe4 4. Nxe4 Bf5 5. Ng3 Bg6 6. Nf3 Nd7 7. Bd3 Bxd3 8. Qxd3 Qc7 9. c3 O-O-O 10. Be3 Ngf6
11. O-O e6 12. Rfb1 Bd6 13. b4 Bxg3 14. hxg3 Nd5 15. a4 Nxe3 16. Qxe3 Nf6 17. a5 Nd5 18. Qc1 a6 19. c4 Ne7 20. b5 Nf5
21. bxa6 bxa6 22. Rb6 Nxd4 23. Nxd4 Rxd4 24. Rab1 Rhd8 25. Rb8+ Qxb8 26. Rxb8+ Kxb8 27. Qb2+ Kc8 28. Qb6 R8d6 29. Qxa6+ Kd7 30. Qb7+ Ke8
31. a6 e5 32. a7 Rd1+ 33. Kh2 Rh6#
0-1

[Event "DRAGHIEN  I"]
[Site "SchemingMind.com"]
[Date "2016.05.28"]
[Round "-"]
[White "Scooter"]
[Black "Phillip Beckett"]
[Result "1-0"]
[WhiteCountry "USA"]
[BlackCountry "ENG"]
[WhiteElo "1761"]
[WhiteRD "49"]
[BlackElo "1549"]
[BlackRD "52"]
[GameID "399705"]

1. d4 d5 2. Nf3 Nf6 3. Bf4 e6 4. e3 c5 5. Bb5+ Nc6 6. c3 a6 7. Bxc6+ bxc6 8. O-O Qb6 9. Qb3 Qxb3 10. axb3 cxd4
11. exd4 Be7 12. Ne5 Bb7 13. Nd2 Nd7 14. b4 f6 15. Nxd7 Kxd7 16. Nb3 Bd6 17. Bxd6 Kxd6 18. Nc5 Bc8 19. Ra5 Re8 20. Rfa1 e5
21. dxe5+ Rxe5 22. Kf1 Bg4 23. f3 Bc8 24. Nxa6 Bxa6+ 25. Rxa6 Rxa6 26. Rxa6 Re7 27. b5 Rb7 28. Rxc6+ Kd7 29. Rc5 Kd6 30. b4 Rb6
31. Ke2 Rb7 32. f4 Rb6 33. Kd3 f5 34. Kd4 Ke6 35. Rc6+
1-0

[Event "DRAGHIEN  I"]
[Site "SchemingMind.com"]
[Date "2016.05.30"]
[Round "-"]
[White "Phillip Beckett"]
[Black "Simon Green"]
[Result "0-1"]
[WhiteCountry "ENG"]
[BlackCountry "ENG"]
[WhiteElo "1549"]
[WhiteRD "51"]
[BlackElo "1600"]
[BlackRD "58"]
[GameID "399706"]

1. e4 e6 2. d4 d5 3. Nd2 Nf6 4. e5 Nfd7 5. f4 c5 6. c3 c4 7. Ndf3 Be7 8. g3 f5 9. exf6 Nxf6 10. Ne5 Nc6
11. Ngf3 O-O 12. Nxc6 bxc6 13. Ne5 Qc7 14. Bg2 Nd7 15. O-O Nxe5 16. fxe5 Bd7 17. Be3 c5 18. dxc5 Rxf1+ 19. Qxf1 Qxe5 20. Bd4 Qc7
21. Qe2 Bxc5 22. Qe3 Bxd4 23. Qxd4 Rf8 24. Rf1 Rxf1+ 25. Kxf1 Be8 26. Qe3 Qf7+ 27. Qf3 Qxf3+ 28. Bxf3 Kf7 29. Bg4 Kf6 30. Kf2 h5
31. Bd1 g5 32. Ke3 Ke5 33. h4 g4 34. Bc2 a5 35. b3 Bb5 36. a4 Ba6 37. b4 axb4 38. cxb4 d4+ 39. Kf2 d3 40. Bd1 Kd4
41. Ke1 c3 42. b5 Ke3 43. bxa6 c2 44. a7 c1=Q 45. a8=Q Qd2+ 46. Kf1 Qf2#
0-1

[Event "DRAGHIEN  I"]
[Site "SchemingMind.com"]
[Date "2016.05.30"]
[Round "-"]
[White "Simon Green"]
[Black "Phillip Beckett"]
[Result "1-0"]
[WhiteCountry "ENG"]
[BlackCountry "ENG"]
[WhiteElo "1600"]
[WhiteRD "58"]
[BlackElo "1549"]
[BlackRD "51"]
[GameID "399707"]

1. d4 d5 2. e3 e6 3. Bd3 c5 4. c3 Nc6 5. f4 Nf6 6. Nf3 Bd6 7. O-O O-O 8. Nbd2 cxd4 9. cxd4 Nb4 10. Qe2 Nxd3
11. Qxd3 Bd7 12. Ne5 Qc7 13. Nb3 Ne4 14. Nd2 f6 15. Nxd7 Qxd7 16. Nxe4 dxe4 17. Qxe4 Bb4 18. a3 Bd6 19. Bd2 Rac8 20. Rac1 Rxc1
21. Rxc1 Re8 22. Kf2 Rc8 23. Rxc8+ Qxc8 24. g3 Qd7 25. d5 exd5 26. Qxd5+ Kf8 27. Bc3 Qc7 28. Qd4 Bc5 29. Qd3 Qd6 30. Qxd6+ Bxd6
31. Bb4 Bxb4 32. axb4 Ke7 33. Ke2 Kd6 34. e4 Kc6 35. Kd3 Kb5 36. Kc3 b6 37. e5 fxe5 38. fxe5 Kc6 39. Kd4 Kd7 40. Kd5 Ke7
41. b5 g5 42. g4 h6 43. h3 Kd7 44. e6+ Ke7 45. b3
1-0

[Event "DRAGHIEN  I"]
[Site "SchemingMind.com"]
[Date "2016.06.05"]
[Round "-"]
[White "tyler_ensor"]
[Black "ray winteringham"]
[Result "1-0"]
[WhiteCountry "CAN"]
[BlackCountry "ENG"]
[WhiteElo "1888"]
[WhiteRD "78"]
[BlackElo "1491"]
[BlackRD "56"]
[GameID "400020"]

1. d4 f5 2. g3 e6 3. Bg2 Be7 4. Nf3 g6 5. O-O Nf6 6. c4 b6 7. Nc3 Bb7 8. Bg5 O-O 9. Ne5 Bxg2 10. Kxg2 d6
11. Nd3 c5 12. e3 Nbd7 13. Nf4 Qc8 14. Nxe6 Rf7 15. d5 a6 16. h4 Nf8 17. Nf4 h5 18. Qd2 N8h7 19. Bxf6 Nxf6 20. Nxg6 Qd8
21. Nf4 Kg7 22. Ne6+
1-0

[Event "DRAGHIEN  I"]
[Site "SchemingMind.com"]
[Date "2016.06.05"]
[Round "-"]
[White "ray winteringham"]
[Black "tyler_ensor"]
[Result "0-1"]
[WhiteCountry "ENG"]
[BlackCountry "CAN"]
[WhiteElo "1505"]
[WhiteRD "53"]
[BlackElo "1889"]
[BlackRD "77"]
[GameID "400021"]

1. e4 d5 2. exd5 Qxd5 3. Nc3 Qa5 4. Be2 Nf6 5. Nf3 Bf5 6. b3 e6 7. Bb2 Bd6 8. h3 c6 9. O-O O-O 10. Na4 Nbd7
11. Bc3 Qc7 12. Bb2 Rfd8 13. d3 h6 14. Qd2 Bf4 15. Qd1 Nd5 16. Nc3 N7f6 17. Nh4 Bh7 18. Nxd5 Nxd5 19. Bc1 Nc3 20. Qe1 Bxc1
21. Rxc1 Nxa2 22. Ra1 Qe7 23. Nf3 Nb4 24. Ra4 Nd5 25. c4 Nf4 26. Kh2 Qc7 27. g3 Nxd3 28. Qa1 Qb6 29. Kg2 Nc5 30. Ra3 Nxb3
31. Qc3 Nc5 32. Rfa1 Ne4 33. Qc1 Qxf2+
0-1

[Event "DRAGHIEN  I"]
[Site "SchemingMind.com"]
[Date "2016.06.05"]
[Round "-"]
[White "emvarela"]
[Black "ray winteringham"]
[Result "1-0"]
[WhiteCountry "ARG"]
[BlackCountry "ENG"]
[WhiteElo "1693"]
[WhiteRD "50"]
[BlackElo "1490"]
[BlackRD "52"]
[GameID "400022"]

1. e4 c5 2. Nf3 g6 3. d4 Bg7 4. dxc5 e6 5. c3 Ne7 6. Be3 O-O 7. Bd4 Nbc6 8. Be2 Nxd4 9. cxd4 Nc6 10. Nc3 d6
11. cxd6 Qxd6 12. d5 Ne7 13. dxe6 Qxe6 14. Bd3 Rd8 15. Qc2 b6 16. O-O Bb7 17. Rad1 Nc6 18. a3 Qc8 19. Nd5 Qb8 20. Ne3 a5
21. Nd5 Kf8 22. Nxb6 Ra7 23. Bb5 Ne7 24. Nd7+ Rxd7 25. Bxd7 f5 26. Ng5 h6 27. Ne6+ Kf7 28. Nxg7 Kxg7 29. Qc3+ Kf7 30. Qc4+ Kf6
31. Qe6+
1-0

[Event "DRAGHIEN  I"]
[Site "SchemingMind.com"]
[Date "2016.06.05"]
[Round "-"]
[White "ray winteringham"]
[Black "emvarela"]
[Result "0-1"]
[WhiteCountry "ENG"]
[BlackCountry "ARG"]
[WhiteElo "1490"]
[WhiteRD "52"]
[BlackElo "1693"]
[BlackRD "50"]
[GameID "400023"]

1. e4 e5 2. Nf3 Nc6 3. Bb5 a6 4. Bxc6 dxc6 5. O-O Bg4 6. d3 Nf6 7. Be3 Bd6 8. Nc3 h6 9. h3 Bxf3 10. Qxf3 Qe7
11. a3 O-O-O 12. Qe2 Bc5 13. b4 Bxe3 14. Qxe3 b6 15. f3 Nh5 16. Ne2 Qg5 17. Qxg5 hxg5 18. g4 Nf4 19. Nxf4 gxf4 20. Rfd1 Rxh3
21. Kg2 Rdh8 22. Rh1 Rxh1 23. Rxh1 Rxh1 24. Kxh1 Kd7 25. Kg1 Ke6 26. Kf1 g6 27. Ke2 f5 28. gxf5+ gxf5 29. c3 fxe4 30. dxe4 Kd6
31. Kd3 c5 32. Kc4 b5+ 33. Kb3 c4+ 34. Kc2 c5 35. Kd2 cxb4 36. axb4 Kc6 37. Kc2 Kb6 38. Kb2 a5 39. Ka3 a4 40. Ka2 Kc6
41. Kb2 Kd6
0-1

[Event "DRAGHIEN  I"]
[Site "SchemingMind.com"]
[Date "2016.06.05"]
[Round "-"]
[White "Phillip Beckett"]
[Black "ray winteringham"]
[Result "1-0"]
[WhiteCountry "ENG"]
[BlackCountry "ENG"]
[WhiteElo "1572"]
[WhiteRD "52"]
[BlackElo "1505"]
[BlackRD "53"]
[GameID "400024"]

1. e4 e5 2. Nf3 d6 3. d4 exd4 4. Nxd4 Nc6 5. Nc3 Bd7 6. Be2 Be7 7. O-O h6 8. Be3 Nf6 9. f4 O-O 10. Bf3 Rb8
11. Qe1 b6 12. e5 dxe5 13. Nxc6 Bxc6 14. Bxc6 exf4 15. Bxf4 Qd4+ 16. Kh1 Bd6 17. Bxd6 Qxd6 18. Bf3 Rfe8 19. Qf2 Re7 20. Rad1 Qb4
21. Nd5 Nxd5 22. Bxd5 Qxb2 23. Bxf7+ Kh8 24. Bg6 Kg8 25. Qd4 Qxa2 26. Qd8+ Re8 27. Qxc7 Rf8 28. Bf7+ Rxf7 29. Qxb8+ Kh7 30. Rxf7 Qxf7
31. Qd8 Qf2 32. Qd3+ Kh8 33. Qe4 a5 34. Rd8+
1-0

[Event "DRAGHIEN  I"]
[Site "SchemingMind.com"]
[Date "2016.06.05"]
[Round "-"]
[White "ray winteringham"]
[Black "Phillip Beckett"]
[Result "1/2-1/2"]
[WhiteCountry "ENG"]
[BlackCountry "ENG"]
[WhiteElo "1505"]
[WhiteRD "53"]
[BlackElo "1572"]
[BlackRD "52"]
[GameID "400025"]

1. e4 e5 2. Nf3 Nc6 3. Bb5 a6 4. Bc4 Nf6 5. d3 Be7 6. Be3 d6 7. Nbd2 O-O 8. O-O h6 9. a3 Nh7 10. h3 Ng5
11. Qc1 Nxf3+ 12. Nxf3 Kh8 13. d4 exd4 14. Nxd4 Nxd4 15. Bxd4 Bf6 16. Bxf6 Qxf6 17. Bd3 Be6 18. f3 Qg5 19. Qxg5 hxg5 20. g4 Rad8
21. b3 d5 22. a4 dxe4 23. Bxe4 b6 24. a5 Bc8 25. axb6 cxb6 26. Bd3 a5 27. Kg2 Rfe8 28. Rh1 Be6 29. Be4 Rd2+ 30. Kg3 Red8
31. h4 gxh4+ 32. Rxh4+ Kg8 33. Rah1 Kf8 34. Rh8+ Ke7 35. Rxd8 Rxd8 36. Rh2 g6 37. Rh7 Rg8 38. Kh4 Kf8 39. Kg5 Rg7 40. Rh8+ Rg8
41. Rh7 Rg7=
1/2-1/2

[Event "DRAGHIEN  I"]
[Site "SchemingMind.com"]
[Date "2016.06.05"]
[Round "-"]
[White "Scooter"]
[Black "ray winteringham"]
[Result "1-0"]
[WhiteCountry "USA"]
[BlackCountry "ENG"]
[WhiteElo "1761"]
[WhiteRD "49"]
[BlackElo "1491"]
[BlackRD "56"]
[GameID "400026"]

1. d4 d5 2. Nf3 e6 3. Bf4 Be7 4. e3 Nf6 5. Be2 O-O 6. O-O b6 7. Nbd2 Bb7 8. h3 h6 9. c4 a5 10. a3 Nbd7
11. cxd5 Bxd5 12. Bc4 Bb7 13. b3 Ba6 14. Bxa6 Rxa6 15. Qc2 Ra8 16. Qxc7 Nd5 17. Qxd8 Rfxd8 18. Rfc1 g5 19. Bg3 f5 20. Ne5 Nxe5
21. Bxe5 Rdc8 22. Nc4 Bd8 23. Nd6 Rxc1+ 24. Rxc1 Bf6 25. Bxf6 Nxf6 26. a4 Nd5 27. Rc6 Kg7 28. Nc4 Re8 29. Nxb6 Nb4 30. Rc7+ Kg6
31. Nc4 Rb8 32. Nxa5 Nd3 33. Rb7 Rc8 34. Rb6 Kf7 35. Nc4 h5 36. a5 Ra8 37. a6 h4 38. Rb7+ Kf6 39. a7
1-0

[Event "DRAGHIEN  I"]
[Site "SchemingMind.com"]
[Date "2016.06.05"]
[Round "-"]
[White "ray winteringham"]
[Black "Scooter"]
[Result "0-1"]
[WhiteCountry "ENG"]
[BlackCountry "USA"]
[WhiteElo "1491"]
[WhiteRD "56"]
[BlackElo "1761"]
[BlackRD "49"]
[GameID "400027"]

1. e4 c6 2. d4 d5 3. e5 Bf5 4. Bd3 Bxd3 5. Qxd3 e6 6. Ne2 Nd7 7. Bf4 c5 8. c3 cxd4 9. cxd4 Bb4+ 10. Nbc3 Ne7
11. a3 Bxc3+ 12. Nxc3 a6 13. O-O O-O 14. b4 b5 15. Bg3 Nb6 16. Ne2 Rc8 17. f4 Nf5 18. Bf2 Nc4 19. g4 Ne7 20. h4 Ng6
21. g5 Ne7 22. Kg2 Nf5 23. Kh3 g6 24. Ng3 Nxg3 25. Qxg3 Nd2 26. Rfd1 Ne4 27. Qg1 Rc3+ 28. Kg2 Qc7 29. Rdc1 Rc8 30. Rxc3 Qxc3
31. Be3 Qc2+ 32. Kf3 Qb3 33. Qe1 Rc4 34. Kg4 Rc3 35. Kf3 Rc2 36. Qb1 Nd2+
0-1